书目信息 |
| 题名: |
大湄公河次区域经济合作研究
|
|
| 作者: | 陆建人 , 杨先明 , 柴喻 主编 | |
| 分册: | ||
| 出版信息: | 北京 社会科学文献出版社 2007.05 |
|
| 页数: | 354页 | |
| 开本: | 21cm | |
| 丛书名: | 中国社会科学院亚洲太平洋研究所学术文库 | |
| 单 册: | ||
| 中图分类: | F114.46 | |
| 科图分类: | ||
| 主题词: | 湄公河--mei gong he--流域--国际合作--经济合作--研究 | |
| 电子资源: | ||
| ISBN: | 978-7-80230-583-0 | |
| 000 | 01255nam 2200289 450 | |
| 001 | 191000006484 | |
| 005 | 20080918085942.50 | |
| 010 | @a978-7-80230-583-0@dCNY30.00 | |
| 100 | @a20070605d2007 em y0chiy0121 ea | |
| 101 | 0 | @achi |
| 102 | @aCN@b110000 | |
| 105 | @ay a 000yy | |
| 200 | 1 | @a大湄公河次区域经济合作研究@Ada mei gong he ci qu yu jing ji he zuo yan jiu@f柴喻, 陆建人, 杨先明主编 |
| 210 | @a北京@c社会科学文献出版社@d2007.05 | |
| 215 | @a354页@d21cm | |
| 225 | 2 | @a中国社会科学院亚洲太平洋研究所学术文库@Azhong guo she hui ke xue yuan ya zhou tai ping yang yan jiu suo xue shu wen ku |
| 300 | @a有书目 (第353-34页) | |
| 330 | @a大湄公河次区域地区(GMS,越、老、缅、柬、泰、中)的合作从1992年开始启动,目前已开展了10多年。从1992年大湄公河经济合作启动至今,本地区是世界经济增长最快的地区之一,年经济增长率平均大约5.9%。在1992年时人均GDP大约是$630,到2003年增长到大约$860,年增长率 | |
| 410 | 0 | @12001 @a中国社会科学院亚洲太平洋研究所学术文库 |
| 606 | 0 | @a湄公河@Amei gong he@x流域@x国际合作@x经济合作@x研究 |
| 690 | @aF114.46@v4 | |
| 701 | 0 | @a陆建人@Alu jian ren@4主编 |
| 701 | 0 | @a杨先明@Ayang xian ming@4主编 |
| 701 | 0 | @a柴喻@Achai yu@4主编 |
| 801 | 0 | @aCN@bLR@c20080918 |
| 905 | @aZUCC@dF114.46@eC211 | |
| 999 | @aCYP | |
| 大湄公河次区域经济合作研究/柴喻, 陆建人, 杨先明主编.-北京:社会科学文献出版社,2007.05 |
| 354页;21cm.-(中国社会科学院亚洲太平洋研究所学术文库) |
| 有书目 (第353-34页) |
| ISBN 978-7-80230-583-0:CNY30.00 |
| 大湄公河次区域地区(GMS,越、老、缅、柬、泰、中)的合作从1992年开始启动,目前已开展了10多年。从1992年大湄公河经济合作启动至今,本地区是世界经济增长最快的地区之一,年经济增长率平均大约5.9%。在1992年时人均GDP大约是$630,到2003年增长到大约$860,年增长率 |
| ● |
| 相关链接 |
|
|
|
正题名:大湄公河次区域经济合作研究
索取号:F114.46/C211
 
预约/预借
| 序号 | 登录号 | 条形码 | 馆藏地/架位号 | 状态 | 备注 |
| 1 | 677935 | 206779351 | 社科库409/409社科库 67排1列4层/ [索取号:F114.46/C211] | 在馆 | |
| 2 | 677936 | 206779360 | 社科库409/409社科库 67排1列4层/ [索取号:F114.46/C211] | 在馆 | |
| 3 | 677937 | 206779379 | 社科库409/ [索取号:F114.46/C211] | 在馆 |